000 01264cab a2200253 4500
001 ABS50896
008 090401t1994 xxu||||| |||| 00| 0 eng d
035 _a(Sirsi) u514
041 _aeng
100 _aSmith, Peter F.
245 _aEnfranchisement of flats and right to an individual new long lease: a critical evaluation
260 _c1994
350 _a0
490 _aProperty Management
_v12(2) 1994, 34-49(16)
520 _aSets out the principal elements of the right to collective enfranchisement and right to an individual new long lease, including the relevant provisions of the 1993 Act and associated regulations. Indicates difficulties and hazards, suggesting solutions to complex issues such as costly premises, long lease occupation, false statements, applications to the county court, termination of new long leases by landlords, and the use of open market formulas. Concludes with observations as to the merits and drawbacks of the two schemes.
650 _aCOLLECTIVE ENFRANCHISEMENT
650 _aFLATS
650 _aLEASEHOLD ENFRANCHISEMENT
650 _aLEASEHOLD REFORM, HOUSING AND URBAN DEVELOPMENT ACT 1993
650 _aLONG LEASES
690 _aLANDLORD AND TENANT-LEASEHOLD REFORM
942 _n0
948 _c04/03/1997
999 _c234
_d234